3 mots - 1 fruit ou 1 légume - Statistiques

Statistiques générales
  • Ce quiz a été pris 247 fois
  • Le résultat moyen est 7 sur 16
Statistiques - réponses
Indices Fruit % Correct
Face - Naïf - Instrument médical Poire
85%
Extrémité arrondie - Visage - Accessoire de salle de bains Pomme
85%
Roulette - Col - Membrane Fraise
71%
Décoration - Hélicoptère - Coiffure Banane
54%
Chapeau - Tête - Renflement Melon
54%
Energie - Coup - En mer ou en rivière Pêche
52%
Ornement - Pâtisserie - Terme de tendresse Chou
46%
Enseigne - Avantage - Echantillon Carotte
40%
Imbécile - Nez épaté - Gnon Patate
40%
Plat - Casque - Mensonge Salade
34%
Récipient - Argent - Plat Haricot
29%
Verrue - Mérite agricole - Grand sec Poireau
28%
Défenseur - Intercesseur - Apôtre Avocat
27%
Pédale - Dessus de rail - Conséquence d'une explosion Champignon
22%
Interrupteur - Pompon - Mollusque Olive
6%
Amas - Verre - Formation géologique Lentille
2%
Aucun quiz correspondant
Distribution des résultats
% des personnes avec chaque résultat
Percentile par nombre de réponses
Votre historique - résultats
Vous n’avez pas pris ce quiz